000 00805nam a2200265Ia 4500
003 OSt
005 20221005083602.0
006 a|||||r|||| 00| 0
007 ta
008 221004b |||||||| |||| 00| 0 eng d
024 _a44238
037 _cTextual
040 _aCRL
_cCRL
_beng
041 _2eng
_aeng
082 _aO152,1N071w,1, 111N8
100 _aBachchan Harivansh Rai
245 0 _aIn the afternoon of time
_b An autobiography Ed and Tr by Rupert Snell
260 _aNew Delhi
_bViking
_c1998
300 _a498p.
_ccm.
650 _a HINDI LITERATURE
_923866
650 _aHINDI LITERATURE
_923866
700 _a Snell Rupert Ed.
_9612673
942 _hO152,1N071w,1, 111N8
_cTEXL
_2cc
999 _c991212
_d991212